[Event "22nd ch-EUR Indiv 2022"]
[Site "Terme Catez SLO"]
[Date "2022.03.27"]
[Round "1.45"]
[White "Yordanov, Lachezar"]
[Black "Moiseenko, Alexander"]
[Result "0-1"]
[WhiteTitle "FM"]
[BlackTitle "GM"]
[WhiteElo "2318"]
[BlackElo "2602"]
[WhiteFideId "2918927"]
[BlackFideId "14102560"]
[EventDate "2022.03.27"]

1. d4 Nf6 2. c4 e6 3. Nc3 Bb4 4. e3 b6 5. Bd3 Bb7 6. Nf3 O-O 7. O-O c5 8. Na4
cxd4 9. a3 Be7 10. exd4 d6 11. Bf4 Nbd7 12. Re1 Nh5 13. Bd2 g6 14. Nc3 Rc8 15.
Rc1 Re8 16. b4 Bf8 17. h3 a6 18. Ng5 Nhf6 19. Nce4 h6 20. Nxf6+ Nxf6 21. Nf3 Bg7
22. Bf4 Nh5 23. Be3 f5 24. Bb1 Kh7 25. Qe2 e5 26. d5 Nf6 27. a4 b5 28. cxb5 axb5
29. Qxb5 Bxd5 30. Rxc8 Qxc8 31. Rc1 Qa8 32. Ne1 f4 33. Bb6 Rc8 34. Rc7 Rxc7 35.
Bxc7 Qc8 36. Qb8 Qa6 37. Qb5 Qc8 38. Qb8 Qa6 39. Qb5 Qxb5 40. axb5 Bf8 41. f3
Kg7 42. b6 Kf7 43. Bd3 Bb7 44. Nc2 Nd7 45. Kf2 Kf6 46. Ke2 g5 47. Bb5 Ke6 48.
Ne1 Nf6 49. Nd3 Nd5 50. Kf2 Nc3 51. Bc4+ Kd7 52. Bb8 Bg7 53. Bc7 e4 54. fxe4
Nxe4+ 55. Kg1 Bd4+ 56. Kh2 Nc3 57. h4 Nd5 58. hxg5 hxg5 59. Bb5+ Ke7 60. Bb8
Bxb6 61. Ne1 Nxb4 62. Nf3 g4 63. Nh4 Be4 64. Be2 Bf2 0-1

[Event "22nd ch-EUR Indiv 2022"]
[Site "Terme Catez SLO"]
[Date "2022.03.27"]
[Round "1.46"]
[White "Bjerre, Jonas Buhl"]
[Black "Karsay, Pascal"]
[Result "1-0"]
[WhiteTitle "GM"]
[BlackTitle "FM"]
[WhiteElo "2601"]
[BlackElo "2310"]
[WhiteFideId "1444948"]
[BlackFideId "12953474"]
[EventDate "2022.03.27"]

1. e4 e5 2. Nf3 Nc6 3. Bb5 a6 4. Ba4 Nf6 5. O-O b5 6. Bb3 Bc5 7. c3 d6 8. a4 Bb7
9. d3 Bb6 10. Bg5 h6 11. Bxf6 Qxf6 12. Bd5 Rb8 13. axb5 axb5 14. Na3 O-O 15.
Nxb5 Ne7 16. Bxb7 Rxb7 17. Na3 Ng6 18. Nc4 Qe6 19. Nfd2 f5 20. b4 Nf4 21. Nxb6
cxb6 22. g3 Nh3+ 23. Kg2 fxe4 24. dxe4 Rbf7 25. f3 Ng5 26. c4 h5 27. Kh1 h4 28.
gxh4 Nh3 29. Qe1 Rf4 30. Qg3 R8f6 31. h5 g5 32. Ra8+ Kh7 33. Rfa1 Rf7 34. Rb8
Rh4 35. Raa8 Qf6 36. Nf1 Rxh5 37. Ne3 Qxf3+ 38. Qxf3 Rxf3 39. Rb7+ Kg6 40. Rg8+
Kh6 41. Ng4# 1-0

[Event "22nd ch-EUR Indiv 2022"]
[Site "Terme Catez SLO"]
[Date "2022.03.27"]
[Round "1.47"]
[White "Beydullayeva, Govhar"]
[Black "Ivanisevic, Ivan"]
[Result "0-1"]
[WhiteTitle "WIM"]
[BlackTitle "GM"]
[WhiteElo "2308"]
[BlackElo "2601"]
[WhiteFideId "13413015"]
[BlackFideId "912417"]
[EventDate "2022.03.27"]

1. d4 Nf6 2. c4 e6 3. Nf3 c5 4. d5 d6 5. Nc3 g6 6. e4 Bg7 7. Be2 O-O 8. O-O Re8
9. h3 Na6 10. Bg5 h6 11. Bf4 exd5 12. exd5 Ne4 13. Nxe4 Rxe4 14. Qd2 Qf6 15. Bg3
Qxb2 16. Qxb2 Bxb2 17. Bd3 Re8 18. Rae1 Rd8 19. Re2 Bf6 20. Rfe1 Kg7 21. a3 b6
22. Nd2 Nc7 23. Bh2 Ba6 24. Ne4 Nxd5 25. Nxd6 Kf8 26. Be4 Nc3 27. Re3 Nxe4 28.
Rxe4 Rd7 29. Bf4 Bg5 30. Re8+ Rxe8 31. Rxe8+ Kg7 32. Ra8 Kf6 33. Bg3 Ke6 34.
Re8+ Be7 35. Nb5 Bxb5 36. cxb5 Rd1+ 37. Kh2 Rd8 38. Rxd8 Bxd8 39. Kg1 Kd5 0-1

[Event "22nd ch-EUR Indiv 2022"]
[Site "Terme Catez SLO"]
[Date "2022.03.27"]
[Round "1.48"]
[White "Basso, Pier Luigi"]
[Black "Van Dael, Siem"]
[Result "1/2-1/2"]
[WhiteTitle "GM"]
[BlackTitle "FM"]
[WhiteElo "2600"]
[BlackElo "2307"]
[WhiteFideId "866970"]
[BlackFideId "1049771"]
[EventDate "2022.03.27"]

1. d4 Nf6 2. c4 g6 3. g3 Bg7 4. Bg2 d6 5. Nc3 O-O 6. Nf3 c5 7. d5 e6 8. O-O exd5
9. cxd5 Re8 10. Bf4 Bf5 11. a4 Ne4 12. Nd2 Bxc3 13. Nxe4 Bxe4 14. bxc3 Bxg2 15.
Kxg2 g5 16. Bd2 Nd7 17. e4 Rxe4 18. Qf3 Re8 19. h4 Qf6 20. hxg5 Qxf3+ 21. Kxf3
Ne5+ 22. Kg2 Nc4 23. Bf4 Re2 24. Rh1 Rae8 25. Rh6 Rc2 26. Rah1 Ree2 27. Kf3
Rxf2+ 28. Kg4 Rxc3 29. Rxh7 Ne3+ 30. Bxe3 Rxe3 31. g6 Re4+ 32. Kg5 Re5+ 33. Kh6
Re4 34. Kg5 Re5+ 35. Kh6 Rf6 36. Rxf7 Rxf7 37. gxf7+ Kxf7 38. g4 Rxd5 39. g5 Re5
40. Rf1+ Kg8 41. Rf6 Re8 42. Rxd6 Rc8 43. Rd7 c4 44. Rg7+ Kh8 45. Rh7+ Kg8 46.
Rg7+ Kh8 1/2-1/2

[Event "22nd ch-EUR Indiv 2022"]
[Site "Terme Catez SLO"]
[Date "2022.03.27"]
[Round "1.50"]
[White "Santos Ruiz, Miguel"]
[Black "Stevanic, David"]
[Result "1-0"]
[WhiteTitle "GM"]
[BlackTitle "FM"]
[WhiteElo "2597"]
[BlackElo "2306"]
[WhiteFideId "22291482"]
[BlackFideId "14613921"]
[EventDate "2022.03.27"]

1. e4 e5 2. Nf3 Nf6 3. Nxe5 d6 4. Nf3 Nxe4 5. d4 d5 6. Bd3 Bd6 7. O-O O-O 8. c4
c6 9. Nc3 Nxc3 10. bxc3 dxc4 11. Bxc4 Bg4 12. h3 Bh5 13. g4 Bg6 14. Ne5 Bxe5 15.
dxe5 Qa5 16. f4 Qxc3 17. Qb3 Qxb3 18. Bxb3 Be4 19. Ba3 Rd8 20. Rad1 Bd5 21. Bxd5
Rxd5 22. Rxd5 cxd5 23. Rd1 Nc6 24. Rxd5 Rd8 25. Rxd8+ Nxd8 26. Kf2 Nc6 27. Bd6
f6 28. exf6 gxf6 29. Ke3 Kf7 30. Ke4 Ke6 31. Bc5 a6 32. h4 b5 33. f5+ Kf7 34.
Bd6 Na5 35. Kd5 Nc4 36. Bf4 Nb2 37. Kc6 Nd1 38. Bd2 Nb2 39. Kb7 Nc4 40. Bf4 a5
41. Ka6 b4 42. Kb5 Nb2 43. Kxa5 Nd3 44. Bd2 Ne5 45. Bxb4 Nxg4 46. Kb6 Ke8 47. a4
Kd7 48. Kb7 Ne5 49. a5 Nc6 50. a6 Nd8+ 51. Kb6 Nc6 52. Ba3 h5 53. Bf8 1-0

[Event "22nd ch-EUR Indiv 2022"]
[Site "Terme Catez SLO"]
[Date "2022.03.27"]
[Round "1.51"]
[White "Deuer, Marius"]
[Black "Iturrizaga Bonelli, Eduardo"]
[Result "0-1"]
[WhiteTitle "FM"]
[BlackTitle "GM"]
[WhiteElo "2304"]
[BlackElo "2594"]
[WhiteFideId "16236432"]
[BlackFideId "3901211"]
[EventDate "2022.03.27"]

1. d4 Nf6 2. c4 e6 3. Nc3 Bb4 4. e3 O-O 5. Ne2 Re8 6. a3 Bf8 7. Ng3 d5 8. Be2 b6
9. O-O Bb7 10. cxd5 exd5 11. b4 a6 12. Qb3 g6 13. Bb2 h5 14. Rfe1 h4 15. Nf1 Qd6
16. Bf3 Ne4 17. Bxe4 dxe4 18. d5 Nd7 19. Rad1 b5 20. Nd2 Nf6 21. f3 exf3 22.
Nxf3 Bh6 23. e4 Qb6+ 24. Kh1 Ng4 25. Re2 Nf2+ 26. Rxf2 Qxf2 27. Nxb5 h3 28. Rg1
Rxe4 29. Qc3 hxg2+ 30. Rxg2 Re1+ 31. Qxe1 Qxe1+ 32. Nxe1 axb5 33. Rc2 Re8 34.
Ng2 Bxd5 35. Kg1 c6 36. Kf2 f5 37. Bd4 Re4 38. Bc5 f4 39. Nh4 Kf7 40. h3 Bg5 41.
Nf3 Bf6 42. Rd2 g5 43. Rc2 Kg6 44. Rc1 Re8 45. Rd1 Rh8 46. Rd3 Kf5 47. Kg2 g4
48. hxg4+ Kxg4 49. Kf2 Rh3 50. Ne1 Bh4+ 0-1

[Event "22nd ch-EUR Indiv 2022"]
[Site "Terme Catez SLO"]
[Date "2022.03.27"]
[Round "1.53"]
[White "Hasanzade, Toghrul"]
[Black "Baklan, Vladimir"]
[Result "1/2-1/2"]
[WhiteTitle "IM"]
[BlackTitle "GM"]
[WhiteElo "2297"]
[BlackElo "2591"]
[WhiteFideId "13407716"]
[BlackFideId "14102196"]
[EventDate "2022.03.27"]

1. e4 c5 2. Nf3 Nc6 3. d4 cxd4 4. Nxd4 Nf6 5. Nc3 d6 6. Bg5 e6 7. Qd2 a6 8.
O-O-O Bd7 9. Nxc6 Bxc6 10. Qe1 Qa5 11. f4 Be7 12. Bh4 Qc7 13. Bd3 h6 14. Rf1 g5
15. fxg5 hxg5 16. Bxg5 Ng4 17. Bxe7 Qxe7 18. h3 Ne5 19. Kb1 O-O-O 20. Ne2 Qg5
21. Nd4 Qxg2 22. Nxc6 Nxc6 23. Rxf7 Qxh3 24. a3 Rhf8 25. Qf1 Qxf1 26. Rdxf1 Rxf7
27. Rxf7 Re8 28. Bf1 Re7 29. Rxe7 Nxe7 30. Kc1 Kd7 31. Kd2 Nc6 32. Ke3 Ke7 33.
b4 Kf6 34. c3 Ke5 35. a4 Nb8 36. a5 Nd7 37. Be2 Nf6 38. Bf3 Ne8 39. Be2 Nf6 40.
Bf3 Ne8 1/2-1/2

[Event "22nd ch-EUR Indiv 2022"]
[Site "Terme Catez SLO"]
[Date "2022.03.27"]
[Round "1.54"]
[White "Thybo, Jesper Sondergaard"]
[Black "Aizenberg, Benny"]
[Result "1-0"]
[WhiteTitle "GM"]
[BlackTitle "FM"]
[WhiteElo "2590"]
[BlackElo "2297"]
[WhiteFideId "1438832"]
[BlackFideId "2821125"]
[EventDate "2022.03.27"]

1. d4 Nf6 2. Nf3 g6 3. Nbd2 d5 4. b4 Bg7 5. e3 O-O 6. c4 b6 7. Bb2 c5 8. dxc5
bxc5 9. b5 Bb7 10. Be2 Nbd7 11. a4 e5 12. Nxe5 Nxe5 13. Bxe5 Re8 14. Bb2 dxc4
15. Nxc4 Bxg2 16. Qxd8 Raxd8 17. Rg1 Be4 18. Rc1 Nd5 19. Bxg7 Kxg7 20. f3 Bf5
21. Kf2 Nb6 22. a5 Nxc4 23. Rxc4 Rd2 24. e4 Be6 25. Rxc5 Ra2 26. a6 Rd8 27. Rc7
Rdd2 28. Re1 Rdb2 29. Ke3 Ra3+ 30. Kf4 g5+ 31. Kxg5 Rxe2 32. Rxe2 Rxf3 33. Rg2
h6+ 34. Kh5+ Kh7 35. Rg3 Rf4 36. Rg6 Rxe4 37. Rxe6 Rxe6 38. Rxf7+ Kg8 39. Rxa7
Re5+ 40. Kg6 Rg5+ 41. Kxh6 Rxb5 42. Rb7 1-0

[Event "22nd ch-EUR Indiv 2022"]
[Site "Terme Catez SLO"]
[Date "2022.03.27"]
[Round "1.55"]
[White "Taichman, Ori"]
[Black "Safarli, Eltaj"]
[Result "0-1"]
[WhiteTitle "FM"]
[BlackTitle "GM"]
[WhiteElo "2297"]
[BlackElo "2589"]
[WhiteFideId "2804069"]
[BlackFideId "13402129"]
[EventDate "2022.03.27"]

1. d4 Nf6 2. Nc3 d5 3. Bg5 Nbd7 4. Qd3 e6 5. e4 h6 6. Bh4 Bb4 7. exd5 exd5 8.
O-O-O Be7 9. Nf3 c6 10. Re1 O-O 11. g4 b5 12. Ne5 Nxe5 13. dxe5 Nxg4 14. Bxe7
Qxe7 15. Qg3 Qc5 16. Re2 d4 17. Nd1 Bf5 18. b4 Qc4 19. f3 d3 20. Rg2 d2+ 21.
Rxd2 Qxa2 22. Rg2 Rad8 23. Bd3 Qa3+ 24. Kd2 Bxd3 25. cxd3 Rxd3+ 26. Ke2 Rfd8 27.
Qxg4 Qa2+ 0-1

[Event "22nd ch-EUR Indiv 2022"]
[Site "Terme Catez SLO"]
[Date "2022.03.27"]
[Round "1.56"]
[White "Jobava, Baadur"]
[Black "Royal, Shreyas"]
[Result "1/2-1/2"]
[WhiteTitle "GM"]
[BlackTitle "FM"]
[WhiteElo "2588"]
[BlackElo "2296"]
[WhiteFideId "13601520"]
[BlackFideId "448869"]
[EventDate "2022.03.27"]

1. e4 e5 2. Nf3 Nc6 3. Bc4 Bc5 4. c3 Nf6 5. d4 exd4 6. e5 d5 7. Be2 Ne4 8. cxd4
Bb6 9. Nc3 O-O 10. Be3 Bg4 11. h3 Bh5 12. Rc1 Ne7 13. g4 Bg6 14. Ng5 Nxc3 15.
Rxc3 h6 16. h4 hxg5 17. hxg5 Ba5 18. Qc1 f6 19. gxf6 gxf6 20. Bd2 Bxc3 21. Bxc3
Kf7 22. Qf4 Ke6 23. Rh6 a5 24. Rxg6 Nxg6 25. Qf5+ Kf7 26. Bd3 Rg8 27. g5 Nf8 28.
Bd2 Qe7 29. Qf3 f5 30. Qh5+ Ng6 31. Bxf5 Ra6 32. Bd3 Kf8 33. f4 c5 34. Qh6+ Qg7
35. Qh3 Rc6 36. Bxg6 Qxg6 37. f5 Qg7 38. g6 Rxg6 39. fxg6 Qxg6 40. Qc8+ Kg7 41.
Qxb7+ Kh8 42. Qxd5 Qg1+ 43. Ke2 Rg2+ 44. Kd3 Qf1+ 45. Kc2 Qf5+ 46. Kc3 Qh3+ 47.
Kc2 Qf5+ 48. Kc3 Rg3+ 49. Kc4 Qd3+ 50. Kxc5 Qxd2 51. Qd8+ Rg8 52. Qh4+ Kg7 53.
Qg4+ Kh7 54. Qe4+ Rg6 55. e6 Qb4+ 56. Kc6 Qc4+ 57. Kd6 Qb4+ 58. Kc6 Qc4+ 1/2-1/2

[Event "22nd ch-EUR Indiv 2022"]
[Site "Terme Catez SLO"]
[Date "2022.03.27"]
[Round "1.57"]
[White "Zirkelbach, Maj"]
[Black "Moroni, Luca Jr"]
[Result "1/2-1/2"]
[WhiteTitle "FM"]
[BlackTitle "GM"]
[WhiteElo "2295"]
[BlackElo "2588"]
[WhiteFideId "14613395"]
[BlackFideId "865834"]
[EventDate "2022.03.27"]

1. d4 Nf6 2. c4 e6 3. Nf3 d5 4. Nc3 dxc4 5. e4 b5 6. e5 Nd5 7. Nxb5 Nb6 8. Qc2
Ba6 9. a4 Nc6 10. Be3 Nb4 11. Qc1 Be7 12. Be2 O-O 13. O-O Rb8 14. Nc3 N6d5 15.
Rd1 Nxe3 16. fxe3 Qd7 17. Nd2 Nd3 18. Bxd3 cxd3 19. Nb5 c5 20. dxc5 Bxb5 21.
axb5 Qxb5 22. Ne4 Rfc8 23. Qd2 Bxc5 24. Qxd3 Qxd3 25. Rxd3 Bf8 26. b3 Rc7 27.
Nd6 h5 28. Kf2 Rd8 29. Rad1 a5 30. Ke2 Rb8 31. Ra1 Rc2+ 32. Kf3 g5 33. h3 Rb4
34. Rxa5 Bg7 35. Nc4 Kh7 36. Ra7 Kg6 37. Rdd7 g4+ 38. hxg4 hxg4+ 39. Kg3 Rxb3
40. Rxf7 Rxc4 41. Rxg7+ Kf5 42. Raf7+ Kxe5 43. Rg5+ Kd6 44. Rxg4 Rxe3+ 45. Rf3 1/2-1/2

[Event "22nd ch-EUR Indiv 2022"]
[Site "Terme Catez SLO"]
[Date "2022.03.27"]
[Round "1.58"]
[White "Kantor, Gergely"]
[Black "Dalaud, Dorian"]
[Result "1-0"]
[WhiteTitle "GM"]
[BlackTitle "FM"]
[WhiteElo "2587"]
[BlackElo "2293"]
[WhiteFideId "751499"]
[BlackFideId "36093270"]
[EventDate "2022.03.27"]

1. d4 Nf6 2. c4 g6 3. Nc3 Bg7 4. e4 d6 5. Nf3 O-O 6. Be2 Na6 7. O-O e5 8. Be3
Qe7 9. dxe5 dxe5 10. Nd5 Qd8 11. Qc2 c6 12. Nxf6+ Bxf6 13. c5 Nc7 14. Rfd1 Qe7
15. h3 Be6 16. a4 Rfd8 17. Qc3 a6 18. Qb4 Ne8 19. Qb6 Qc7 20. Ng5 Qxb6 21. cxb6
Bxg5 22. Bxg5 f6 23. Rxd8 Rxd8 24. Be3 Nd6 25. Rd1 Nf7 26. Rxd8+ Nxd8 27. f4
exf4 28. Bxf4 Bb3 29. Bc7 Ne6 30. a5 Nc5 31. Bd6 Nd7 32. Bg4 f5 33. exf5 Nf6 34.
Be2 gxf5 35. Bd3 Be6 36. b4 Kf7 37. Be5 Bc8 38. Kf2 Nd5 39. Bd6 Ke6 40. Bc5 Nf4
41. Bc4+ Ke5 42. Kf3 Ne6 43. Be7 Nd4+ 44. Kf2 f4 45. Bd3 Nf5 46. Bd8 Kd4 47. Bb1
Kc3 48. Bf6+ Kxb4 49. Kf3 Ne3 50. Bxh7 Nd5 51. Bg5 Kxa5 52. h4 Be6 53. h5 Bf7
54. Bg6 Bg8 55. h6 Kxb6 56. h7 Bxh7 57. Bxh7 a5 58. Bxf4 Kc5 59. g4 a4 60. Be5
a3 61. g5 Ne7 62. g6 Kd5 63. Bf6 Ke6 64. Ba1 b5 65. g7 Kf7 66. Bd3 Nd5 67. Kg4
a2 68. Kg5 Ne7 69. Bc2 c5 70. Bb3+ c4 71. Bxa2 Nc6 72. Kh6 Ne7 73. Kh7 Ke6 74.
Bc3 Kf7 75. Bb1 Ke6 76. Bb4 1-0

[Event "22nd ch-EUR Indiv 2022"]
[Site "Terme Catez SLO"]
[Date "2022.03.27"]
[Round "1.59"]
[White "Rubil, Marko"]
[Black "Stevic, Hrvoje"]
[Result "0-1"]
[WhiteTitle "FM"]
[BlackTitle "GM"]
[WhiteElo "2293"]
[BlackElo "2587"]
[WhiteFideId "14501546"]
[BlackFideId "14502569"]
[EventDate "2022.03.27"]

1. e4 e5 2. Nf3 Nc6 3. Bb5 a6 4. Ba4 Nf6 5. O-O Be7 6. Re1 b5 7. Bb3 d6 8. c3
O-O 9. h3 Nb8 10. d4 Nbd7 11. Nbd2 Bb7 12. Bc2 Re8 13. Nf1 Bf8 14. Ng3 g6 15. b3
Rb8 16. Bb2 Bg7 17. Qd2 d5 18. dxe5 Nxe4 19. Nxe4 dxe4 20. Ng5 Nxe5 21. Qxd8
Rbxd8 22. Nxe4 Bxe4 23. Bxe4 f5 24. Bb7 Rd2 25. Ba3 Rb8 26. Bxa6 Rb6 27. Bc8 Rd8
28. f4 Nf7 29. Be6 Bxc3 30. Rad1 Rxd1 31. Bxf7+ Kxf7 32. Rxd1 b4 33. Bc1 Ke6 34.
Rd3 c5 35. Kf1 Ra6 36. a3 Bd4 37. a4 Kd5 38. Bb2 Ke4 39. Rd2 Bc3 40. Re2+ Kd3
41. Bc1 c4 42. bxc4 Rxa4 43. Kf2 Ra1 44. Be3 b3 0-1

[Event "22nd ch-EUR Indiv 2022"]
[Site "Terme Catez SLO"]
[Date "2022.03.27"]
[Round "1.60"]
[White "Michalik, Peter"]
[Black "Kastelic, Marian"]
[Result "1-0"]
[WhiteTitle "GM"]
[BlackTitle "FM"]
[WhiteElo "2585"]
[BlackElo "2287"]
[WhiteFideId "14907526"]
[BlackFideId "14602245"]
[EventDate "2022.03.27"]

1. e4 e5 2. Nf3 Nc6 3. Bb5 Nge7 4. Nc3 a6 5. Bc4 Ng6 6. d4 exd4 7. Nxd4 Bc5 8.
Be3 Bxd4 9. Bxd4 Nxd4 10. Qxd4 O-O 11. O-O d6 12. f4 Be6 13. Be2 f5 14. g4 fxg4
15. f5 Qg5 16. fxg6 g3 17. gxh7+ Kh8 18. Qd3 gxh2+ 19. Kxh2 Bc4 20. Qg3 Qd2 21.
Rad1 1-0

[Event "22nd ch-EUR Indiv 2022"]
[Site "Terme Catez SLO"]
[Date "2022.03.27"]
[Round "1.61"]
[White "Prokofiev, Valentyn"]
[Black "Mchedlishvili, Mikheil"]
[Result "0-1"]
[BlackTitle "GM"]
[WhiteElo "2287"]
[BlackElo "2584"]
[WhiteFideId "14160161"]
[BlackFideId "13600966"]
[EventDate "2022.03.27"]

1. d4 Nf6 2. c4 e6 3. Nf3 c5 4. Nc3 cxd4 5. Nxd4 Bb4 6. Qb3 Bc5 7. e3 O-O 8. Be2
Nc6 9. Nf3 b6 10. O-O Bb7 11. Rd1 Qb8 12. Qc2 Ne5 13. b3 Nxf3+ 14. Bxf3 Bxf3 15.
gxf3 Qe5 16. Bb2 Qh5 17. Kg2 Rfd8 18. Ne4 Ne8 19. Nxc5 bxc5 20. Qe4 d6 21. f4 a5
22. Qf3 Qg6+ 23. Kh1 a4 24. e4 f5 25. e5 Qg4 26. Qxg4 fxg4 27. Kg2 Ra6 28. exd6
Rdxd6 29. Be5 Rxd1 30. Rxd1 Kf7 31. Rd7+ Kg6 32. Re7 Nf6 33. Rc7 axb3 34. axb3
Rb6 35. Rxc5 Rxb3 36. Rc7 h5 37. c5 h4 38. c6 Rb1 39. f3 h3+ 40. Kf2 Rh1 41. f5+
Kxf5 42. Bg3 Rc1 43. Rc8 Rc2+ 44. Ke1 gxf3 45. Kd1 Rc4 46. c7 e5 47. Kd2 Ke4 48.
Kd1 Nd5 49. Re8 Ne3+ 50. Ke1 Rc1+ 51. Kd2 Rc2+ 0-1

[Event "22nd ch-EUR Indiv 2022"]
[Site "Terme Catez SLO"]
[Date "2022.03.27"]
[Round "1.62"]
[White "Wagner, Dennis"]
[Black "Palczert, Matyas"]
[Result "1-0"]
[WhiteTitle "GM"]
[WhiteElo "2584"]
[BlackElo "2284"]
[WhiteFideId "24650684"]
[BlackFideId "784958"]
[EventDate "2022.03.27"]

1. d4 Nf6 2. Nf3 d5 3. c4 e6 4. Nc3 a6 5. cxd5 exd5 6. Bg5 Be6 7. e3 Nbd7 8. h3
Bd6 9. Bd3 h6 10. Bf4 Qe7 11. Bxd6 Qxd6 12. O-O O-O 13. Re1 Rfe8 14. a3 c6 15.
Qc2 a5 16. Rac1 Rac8 17. Na4 Ne4 18. Bxe4 dxe4 19. Nd2 Bd5 20. Nc5 Nxc5 21. Qxc5
Qxc5 22. Rxc5 b6 23. Rc3 b5 24. Rc5 Ra8 25. g4 g6 26. Nf1 Re6 27. Ng3 Bc4 28.
Ne2 Bxe2 29. Rxe2 Rb8 30. Rec2 Rb6 31. Kg2 Kf8 32. Kg3 g5 33. h4 f6 34. b3 Ke7
35. h5 Rd6 36. Rf5 Ke6 37. Rcc5 Rd8 38. Kg2 Ke7 39. a4 Rdb8 40. d5 cxd5 41.
Rfxd5 bxa4 42. bxa4 Ra6 43. Rxa5 Rxa5 44. Rxa5 Rb4 45. Ra6 Kf7 46. a5 Ra4 47.
Ra8 Ra1 48. a6 Kg7 49. Ra7+ Kf8 50. f3 exf3+ 51. Kxf3 Ra4 52. e4 Ke8 53. Ke3 Kd8
54. Ra8+ Kc7 55. a7 Kb7 56. Rf8 Ra3+ 57. Kd4 Kxa7 58. Rxf6 Rg3 59. Rxh6 Rxg4 60.
Kd5 Rg1 61. Rg6 g4 62. e5 g3 63. h6 g2 64. h7 Rh1 65. Rxg2 Rxh7 66. Rb2 Rd7+ 67.
Kc6 Rd1 68. e6 Rc1+ 69. Kd7 Rd1+ 70. Ke8 Ka6 71. e7 Rf1 72. Rd2 1-0

[Event "22nd ch-EUR Indiv 2022"]
[Site "Terme Catez SLO"]
[Date "2022.03.27"]
[Round "1.63"]
[White "Eric, Jovana"]
[Black "Asadli, Vugar"]
[Result "1-0"]
[WhiteTitle "WGM"]
[BlackTitle "GM"]
[WhiteElo "2278"]
[BlackElo "2579"]
[WhiteFideId "938238"]
[BlackFideId "13405764"]
[EventDate "2022.03.27"]

1. e4 c5 2. Nf3 e6 3. d4 cxd4 4. Nxd4 Nf6 5. Nc3 Nc6 6. Be2 Bb4 7. O-O Bxc3 8.
bxc3 Nxe4 9. Qd3 d5 10. Ba3 Ne7 11. c4 O-O 12. cxd5 exd5 13. c4 Re8 14. Rad1 Ng6
15. cxd5 Nf4 16. Qf3 Qh4 17. Rfe1 Nf6 18. g3 Nh3+ 19. Kg2 Qh6 20. Nf5 Nf4+ 21.
Qxf4 Qxf4 22. gxf4 Bxf5 23. Bf3 Rxe1 24. Rxe1 Rc8 25. d6 Rc3 26. Re3 Rc2 27.
Bxb7 h5 28. h3 Rxa2 29. Bc5 Ra4 30. Re5 g6 31. Bc6 Rc4 32. Bb5 Rc3 33. Be3 Be6
34. Rxe6 fxe6 35. Bd4 Rb3 36. Bxf6 1-0

[Event "22nd ch-EUR Indiv 2022"]
[Site "Terme Catez SLO"]
[Date "2022.03.27"]
[Round "1.64"]
[White "Can, Emre"]
[Black "Murko, David"]
[Result "1-0"]
[WhiteTitle "GM"]
[WhiteElo "2578"]
[BlackElo "2273"]
[WhiteFideId "6302181"]
[BlackFideId "14613891"]
[EventDate "2022.03.27"]

1. e4 c5 2. Nc3 Nc6 3. Bb5 Nd4 4. a4 g6 5. d3 Bg7 6. Bg5 Qa5 7. Bd2 e6 8. h4 Qc7
9. h5 a6 10. Bc4 Ne7 11. Nge2 d6 12. Nxd4 cxd4 13. Ne2 O-O 14. hxg6 hxg6 15. Nf4
d5 16. Bb3 Bd7 17. Qg4 Rfe8 18. Qh4 a5 19. Kf1 Kf8 20. Nh3 Qe5 21. Ng5 f6 22.
Nf3 Qh5 23. Qxh5 gxh5 24. exd5 e5 25. Rxh5 Red8 26. d6 Nc8 27. Ke2 Nxd6 28. Rh4
Nf5 29. Rh2 Nd6 30. Rah1 Bg4 31. Bh6 Bf5 32. g4 Bg6 33. g5 fxg5 34. Nxg5 Bf5 35.
Rg1 Bxh6 36. Rxh6 Ke7 37. Nf3 Ne8 38. Rg5 1-0

[Event "22nd ch-EUR Indiv 2022"]
[Site "Terme Catez SLO"]
[Date "2022.03.27"]
[Round "1.65"]
[White "Bilovil, Bogdan"]
[Black "Iskandarov, Misratdin"]
[Result "0-1"]
[BlackTitle "GM"]
[WhiteElo "2272"]
[BlackElo "2577"]
[WhiteFideId "14168766"]
[BlackFideId "13400312"]
[EventDate "2022.03.27"]

1. d4 Nf6 2. c4 e6 3. Nc3 Bb4 4. Qc2 O-O 5. a3 Bxc3+ 6. Qxc3 d6 7. Nf3 Re8 8. b4
a5 9. Bb2 axb4 10. axb4 Rxa1+ 11. Bxa1 e5 12. dxe5 dxe5 13. Nxe5 Ne4 14. Qd4
Qxd4 15. Bxd4 f6 16. Nd3 Nc6 17. Bb2 Be6 18. f3 Nd6 19. c5 Nb5 20. e3 Bc4 21.
Kd2 Rd8 22. Bc3 Ra8 23. Nc1 Bxf1 24. Rxf1 Kf7 25. e4 Ke6 26. Rf2 Ra3 27. Bb2 Ra4
28. Bc3 Nxb4 29. Bxb4 Rxb4 30. Nd3 Rb3 31. Ke3 Ra3 32. Rb2 c6 33. Rd2 g5 34. Kf2
Rc3 35. Kg3 Nd4 36. h4 Nb3 37. Rd1 Nxc5 38. Nf2 gxh4+ 39. Kxh4 b5 40. Nh3 b4 41.
Nf4+ Ke7 42. Ne2 Rd3 43. Rc1 Kd6 44. Ng3 b3 0-1

[Event "22nd ch-EUR Indiv 2022"]
[Site "Terme Catez SLO"]
[Date "2022.03.27"]
[Round "1.66"]
[White "Yuffa, Daniil"]
[Black "Kanov, Nikola"]
[Result "1-0"]
[WhiteTitle "GM"]
[BlackTitle "CM"]
[WhiteElo "2576"]
[BlackElo "2265"]
[WhiteFideId "24131423"]
[BlackFideId "2928531"]
[EventDate "2022.03.27"]

1. d4 d5 2. c4 dxc4 3. e3 Nf6 4. Bxc4 e6 5. Nf3 c5 6. O-O Nc6 7. Nc3 a6 8. d5
Na5 9. b3 b5 10. Bd3 Nxd5 11. Nxd5 exd5 12. Bb2 Be6 13. Qc2 Nc6 14. a3 Rc8 15.
Rfd1 h6 16. Rac1 Qc7 17. Qb1 Bd6 18. Bxg7 Rg8 19. Bxh6 Bh3 20. Bf1 Ne7 21. g3
Bg4 22. Bg2 Bf5 23. Qb2 Be4 24. Nh4 Be5 25. Qe2 Qc6 26. Bxe4 Qxh6 27. Nf5 Nxf5
28. Bxf5 Rd8 29. Rxc5 Rh8 30. f4 Bb8 31. Rcxd5 Rxd5 32. Rxd5 Ba7 33. h3 Qf6 34.
Kg2 Rg8 35. Re5+ Kf8 36. Bg4 Qc6+ 37. Bf3 Qc1 38. Bd5 Qxa3 39. Rf5 Rg7 40. Qh5
Qe7 1-0

[Event "22nd ch-EUR Indiv 2022"]
[Site "Terme Catez SLO"]
[Date "2022.03.27"]
[Round "1.67"]
[White "Muetsch, Annmarie"]
[Black "Gagunashvili, Merab"]
[Result "0-1"]
[WhiteTitle "WIM"]
[BlackTitle "GM"]
[WhiteElo "2263"]
[BlackElo "2575"]
[WhiteFideId "12971367"]
[BlackFideId "13601652"]
[EventDate "2022.03.27"]

1. e4 d6 2. d4 Nf6 3. Nc3 e5 4. Nge2 Nbd7 5. g3 g6 6. Bg2 Bg7 7. O-O O-O 8. f4
exd4 9. Nxd4 Re8 10. Nb3 Nb6 11. Re1 Bg4 12. Qd3 Qc8 13. Be3 Bh3 14. Rad1 h5 15.
Bd4 h4 16. a4 Bxg2 17. Kxg2 Qg4 18. a5 Nbd7 19. Qe2 h3+ 20. Kg1 a6 21. Qxg4 Nxg4
22. Bxg7 Kxg7 23. e5 Rad8 24. exd6 cxd6 25. Nd4 Ndf6 26. Rxe8 Rxe8 27. Nf3 d5
28. Re1 Rd8 29. Ng5 d4 30. Re7 Rc8 31. Ne6+ Kg8 32. Nxd4 Rc4 33. Nf3 Rc5 34. Ng5
Rxa5 35. Nxh3 Ra1+ 36. Kg2 Rc1 37. Re2 Rxc2 38. Rxc2 Ne3+ 39. Kf3 Nxc2 40. Ng5
Nb4 41. Nge4 Nd7 42. g4 Nd3 43. Nd1 Kf8 44. h4 Ke7 45. Ke3 Nb4 46. h5 Nd5+ 47.
Kf3 f5 48. gxf5 gxh5 49. Ndf2 a5 50. Nd3 N7f6 51. Ne5 a4 52. Ng6+ Kd8 53. Nc5 b5
54. Ke2 Kc7 55. Kd3 Nb4+ 56. Kc3 Nc6 57. Kd3 Kd6 58. Ne6 Kd5 59. Nc7+ Kc5 60.
Ne5 Nb4+ 61. Kd2 Nbd5 62. Ne6+ Kd6 63. Kd3 Nxf4+ 64. Nxf4 Kxe5 65. Ne2 h4 66.
Ke3 b4 67. Kd3 Kxf5 68. Kc4 a3 0-1